Statistics for Municipalities of Fukushima Prefecture

Click here to take the quiz!

General Stats

  • This quiz has been taken 82 times
  • The average score is 31 of 59

Answers on the Map

Answers color-coded by a green-red scale on the quiz's map according to % correct below.
 

Answer Stats

Answer% Correct
Fukushima 福島
100%
Iwaki いわき
90%
Koriyama 郡山
90%
Aizuwakamatsu 会津若松
80%
Minamisoma 南相馬
77%
Soma 相馬
77%
Futaba 双葉
73%
Kitakata 喜多方
73%
Nihonmatsu 二本松
73%
Shirakawa 白河
70%
Inawashiro 猪苗代
67%
Namie 浪江
67%
Hirono 広野
63%
Motomiya 本宮
63%
Okuma 大熊
63%
Sukagawa 須賀川
63%
Tomioka 富岡
63%
Date 伊達
60%
Hinoemata 檜枝岐
60%
Minamiaizu 南会津
60%
Shinchi 新地
60%
Aizubange 会津坂下
57%
Ishikawa 石川
57%
Miharu 三春
57%
Tamura 田村
57%
Iitate 飯舘
53%
Koori 桑折
53%
Tanagura 棚倉
53%
Nishiaizu 西会津
50%
Tadami 只見
50%
Aizumisato 会津美里
47%
Bandai 磐梯
47%
Hanawa 塙
47%
Katsurao 葛尾
47%
Kitashiobara 北塩原
47%
Kunimi 国見
47%
Yamatsuri 矢祭
47%
Showa 昭和
43%
Yabuki 矢吹
43%
Furudono 古殿
40%
Naraha 楢葉
40%
Nishigo 西郷
40%
Ono 小野
40%
Otama 大玉
40%
Ten'ei 天栄
40%
Izumizaki 泉崎
37%
Kagamiishi 鏡石
37%
Kaneyama 金山
37%
Samegawa 鮫川
37%
Shimogo 下郷
37%
Asakawa 浅川
33%
Hirata 平田
33%
Kawamata 川俣
33%
Kawauchi 川内
33%
Mishima 三島
33%
Tamakawa 玉川
33%
Yanaizu 柳津
33%
Yugawa 湯川
33%
Nakajima 中島
30%

Score Distribution

Percentile by Number Answered

Percent of People with Each Score

Your Score History

You have not taken this quiz